000 00270nam a22001217a 4500
008 140107t xxu||||| |||| 00| 0 eng d
020 _a969-35-1552-8
100 _aAshfaq Ahmad
_9552
245 _aKatia Watia
246 _akatiya watiya
300 _a340
942 _2ddc
_cBK
999 _c16823
_d16823